| 000 | 00490cam a22002051 4500 | ||
|---|---|---|---|
| 001 | ne 64002652 | ||
| 003 | DLC | ||
| 005 | 20260227111805.0 | ||
| 008 | 881028s1963 xx 000 0 arar | ||
| 010 | _ane 64002652 | ||
| 035 | _a(OCoLC)23490039 | ||
| 040 |
_aDLC _cMiU _dDLC |
||
| 042 | _apremarc | ||
| 050 | 0 | 0 |
_aPJ7814.T34 _bB3 |
| 100 | 1 | _aʻAṭawī, Fawzī | |
| 245 | 1 | 0 | _aBaghdād wa-al-thūwār. |
| 260 |
_a[n. p.] _c[1963] |
||
| 300 |
_a111 p. _c18 cm. |
||
| 500 | _aRomanized. | ||
| 999 |
_c47502 _d47502 |
||